000 00549nam a22001697a 4500
005 20250114160637.0
008 250114b |||||||| |||| 00| 0 eng d
020 _a978-0-470-29371-3
050 _aHD 58.7 .S34 2009
_bC.1
100 _aSCHEIN , EDGAR.
245 _aTHE CORPORATE CULTURE SURVIVAL GUIDE
260 _aSAN FRANCISCO
_bJOSSEY -BASS
_c2009
300 _aXIII , 240 P.
500 _aINCLUDES BIBLIOGRAPHICAL REFERENCE AND INDEX
650 _a1. CORPORATE CULTURE. 2. CULTURE. 3. ORGANIZATIONAL BEHAVIOR.
942 _2lcc
_cBK
999 _c214388
_d214388